Men's Tennis Rankings 2015 - Statistics

General Stats
  • This quiz has been taken 564 times
    351 since last reset
  • The average score is 24 of 32
Answer Stats
Rank Country Answer % Correct
2 UK Andy Murray
100%
1 Serbia Novak Djokovic
100%
5 Spain Rafael Nadal
99%
3 Switzerland Roger Federer
99%
4 Switzerland Stanislas Wawrinka
99%
8 Japan Kei Nishikori
94%
7 Spain David Ferrer
93%
6 Czech Republic Tomas Berdych
93%
10 France Jo-Wilfried Tsonga
92%
11 USA John Isner
90%
12 South Africa Kevin Anderson
90%
13 Croatia Marin Cilic
90%
14 Canada Milos Raonic
90%
28 Bulgaria Grigor Dimitrov
87%
16 Belgium David Goffin
86%
24 France Gael Monfils
86%
9 France Richard Gasquet
85%
20 Austria Dominic Thiem
81%
21 Italy Fabio Fognini
80%
30 Australia Nick Kyrgios
80%
15 France Gilles Simon
70%
25 Spain Roberto Bautista Agut
70%
27 Spain Guillermo Garcia-Lopez
57%
26 USA Jack Sock
57%
17 Spain Feliciano Lopez
56%
18 Australia Bernard Tomic
51%
22 Serbia Viktor Troicki
48%
23 Croatia Ivo Karlovic
46%
19 France Benoit Paire
44%
29 Italy Andreas Seppi
43%
31 France Jeremy Chardy
29%
32 USA Steve Johnson
20%
No matching quizzes found
Score Distribution
Percent of People with Each Score
Percentile by Number Answered
Your Score History
You have not taken this quiz since the last reset